MARC

LEADER 00000nam0a2200000 4500
001 682768
005 20251105135707.0
090 |a 682768 
100 |a 20251101d1979 m||y0rusy50 ca 
101 0 |a rus 
102 |a RU 
105 |a y z 000gy 
181 0 |a i   |b  e  
182 0 |a n 
183 0 |a nc  |2 RDAcarrier 
200 1 |a Стихотворения и поэмы  |f Е. А. Баратынский 
203 |a Текст  |b визуальный  |c непосредственный 
210 |a Петрозаводск  |c Карелия  |d 1979 
215 |a 264 с. 
283 |a volume  |2 RDAcarrier 
606 |a Русская литература, дореволюционная  |9 50314 
610 1 |a художественная литература 
610 1 |a лирика 
610 1 |a поэзия 
610 1 |a стихотворения 
610 1 |a поэмы 
675 |a Р1  |v 4 
700 1 |a Баратынский (Боратынский)  |b Е. А.  |c русский поэт  |f 1800-1844  |g Евгений Абрамович  |9 4753 
801 0 |a RU  |b 63413507  |c 20251101 
830 |a ретро2025ХФ 
850 |a 63413507 
942 |c BK